| 000 | 01027nam a2200217Ia 4500 | ||
|---|---|---|---|
| 999 |
_c39888 _d39888 |
||
| 001 | 6493 | ||
| 003 | GE_BSU | ||
| 005 | 20190626201329.0 | ||
| 008 | 181216s1983|||| |||||||||||||| ||geo|| | ||
| 041 | _ageo | ||
| 080 | _a658.26(075.8) ლ-85 | ||
| 100 |
_aლორთქიფანიძე, ნ. _92974 |
||
| 245 |
_aსამრეწველო საწარმოთა ელექტრომომარაგება : დამხმ. სახელმძღვ / _cნ. ლორთქიფანიძე ; რედ : მ. ღუდუშაური. |
||
| 264 |
_aთბილისი : _bგანათლება _c1983. |
||
| 300 |
_a434 გვ .: _bილ ; _c22 სმ. |
||
| 504 | _aბიბლიოგრ.:გვ.430-432 | ||
| 653 | _aსამრეწველო საწარმოთა ელექტრომომარაგება | ||
| 653 | _aტექნიკა | ||
| 700 |
_aღუდუშაური, მ _eრედაქტორი _91085 |
||
| 942 |
_cBK _2udc |
||